The Kefaya Movement (Record no. 352683)
[ view plain ]
| 000 -LEADER | |
|---|---|
| fixed length control field | 00629nam a2200133Ia 4500 |
| 008 - FIXED-LENGTH DATA ELEMENTS--GENERAL INFORMATION | |
| fixed length control field | 171212s9999 xx 000 0 und d |
| 020 ## - INTERNATIONAL STANDARD BOOK NUMBER | |
| International Standard Book Number | 9780833045485 |
| 100 ## - MAIN ENTRY--PERSONAL NAME | |
| Personal name | Oweidat, Nadia;Benard, Cheryl;Stahl, Dale;Kildani, Walid;O'Connell, Edward |
| 245 ## - TITLE STATEMENT | |
| Statement of responsibility, etc | Oweidat, Nadia;Benard, Cheryl;Stahl, Dale;Kildani, Walid;O'Connell, Edward |
| Title | The Kefaya Movement |
| Remainder of title | A Case Study of a Grassroots Reform Initiative |
| 260 ## - PUBLICATION, DISTRIBUTION, ETC. (IMPRINT) | |
| Name of publisher, distributor, etc | RAND Corporation |
| Date of publication, distribution, etc | 2008 |
| 650 ## - SUBJECT ADDED ENTRY--TOPICAL TERM | |
| Topical term or geographic name as entry element | Kifayah (Organization); Opposition (Political science) -- Egypt; Egypt -- Politics and government -- 1981– |
| 650 ## - SUBJECT ADDED ENTRY--TOPICAL TERM | |
| Topical term or geographic name as entry element | Law |
| 856 ## - ELECTRONIC LOCATION AND ACCESS | |
| Uniform Resource Identifier | <a href="www.jstor.org/stable/10.7249/mg778osd">www.jstor.org/stable/10.7249/mg778osd</a> |
| Withdrawn status | Lost status | Damaged status | Home library | Current library | Date acquired | Total Checkouts | Full call number | Date last seen | Price effective from | Koha item type |
|---|---|---|---|---|---|---|---|---|---|---|
| College Library | College Library | 12/12/2017 | JQ3831.O84 2008 | 12/12/2017 | 12/12/2017 | Curriculum - Based eBooks |